| 000 | 02057nam a22003497a 4500 | ||
|---|---|---|---|
| 003 | OSt | ||
| 005 | 20260317114439.0 | ||
| 007 | a | ||
| 008 | 260317b |||||||| |||| 00| 0 eng d | ||
| 020 | _a478580002XC2052 | ||
| 040 |
_aFoundation University _beng _cFoundation University _dFULib _erda |
||
| 050 |
_aNA 2460.J37 _b.S56 |
||
| 245 | 0 | 0 |
_aExcellent shop designs : _bJapanese restaurants amd taverns 2. |
| 260 |
_aJapan : _bShotenkenchiku-sha Co., Ltd., _c[date of publication not identified] |
||
| 264 | _4[date of publication not identified] | ||
| 300 |
_3resource _a240 pages : _bcolor illustrations ; _c30 cm. _fvolume |
||
| 336 |
_2rdacontent _atext _btxt |
||
| 337 |
_2rdamedia _aunmediated _bn |
||
| 338 |
_2rdacarrier _3resource _avolume _bnc |
||
| 490 |
_aShotenkenchiku extra number _v41 |
||
| 505 | _aPart 1: Restaurants mainly with tables & counters (10 shops). | ||
| 505 | _aPart 2 : Restaurants mainly with Japanese style rooms (10 shops). | ||
| 505 | _aPart 3 : Free-standing restaurants (8 shops). | ||
| 505 | _aPart 4 : Specialty restaurants (21 shops). | ||
| 505 | _aPart 5 : Pub restaurants . taverns (21 shops). | ||
| 520 | _aThis book is a collection by type of Japanese food restaurants, Japanese style restaurants, restaurants, and taverns opened between 1986 and 1987. From those in the traditional rustic style to those of post-modern structure, a total of 70 restaurants and taverns are introduced with photos, plans and descriptions. It is recommended to use this book as a design style book for planning and design of Japanese food restaurants, Japanese style restaurants, restaurants, and taverns, or it can be also utilized as a design style reference for Japanese style shop making and interior room planning. | ||
| 650 |
_2LC _aRestaurants _zJapan. _915338 |
||
| 650 |
_2LC _aBars (Drinking establishments) _915339 |
||
| 658 |
_aArchitecture, Bachelor of Science in : _bArchitectural Design ; _cARC122. |
||
| 710 |
_aShotenkenchiku-sha Co. _915340 |
||
| 942 |
_2lcc _cBK _hNA 2460.J37 _i.S56 _k(DAFA-Archi.) _n0 |
||
| 999 |
_c5685 _d5685 |
||